| 000 | 00453nam a2200181Ia 4500 | ||
|---|---|---|---|
| 001 | 22367 | ||
| 005 | 20260414150826.0 | ||
| 008 | 260414t2008||||xx |||||||||||||| ||spa|| | ||
| 041 | _aESP | ||
| 082 |
_a621.38 _bC247CH |
||
| 100 |
_aStewart, Brent D. _eAUT |
||
| 245 | 0 |
_aCCNP BSCI : _bofficial exam certification guide |
|
| 260 | _c2008 | ||
| 300 |
_axxxiii, 638 páginas : _c24 cm. |
||
| 650 | _aTCA | ||
| 654 | _aCET | ||
| 942 |
_cLIB _dJUS _fJUS _2ddc _n |
||
| 999 |
_c22367 _d22367 |
||